| 000 | 00583nam a2200229Ia 4500 | ||
|---|---|---|---|
| 003 | OSt | ||
| 005 | 20230524113948.0 | ||
| 008 | 210423s2013 xx 000 0 und d | ||
| 020 | _a81-219-9834-4 | ||
| 040 | _cAL | ||
| 041 | _aeng | ||
| 082 |
_a510 DASM _223 |
||
| 100 |
_aDASS (H K);VERMA (Rama). _9112177 |
||
| 245 | _aMathematics: for class XII V1. | ||
| 260 |
_aNew Delhi _bS Chand & Company Ltd _c2013 |
||
| 300 |
_avi,910 _bPB |
||
| 365 |
_b315 _cINR |
||
| 440 | _v1 | ||
| 650 |
_aMathematics _9112178 |
||
| 906 | _aclass ; Mathematics: ; V1. ; XII | ||
| 942 |
_2ddc _cBK |
||
| 999 |
_c165399 _d165399 |
||